Understanding abnormal behavior / (Record no. 83891)

MARC details
000 -LEADER
fixed length control field 00956nam a22002657a 4500
003 - CONTROL NUMBER IDENTIFIER
control field URS
005 - DATE AND TIME OF LATEST TRANSACTION
control field 20250729145909.0
008 - FIXED-LENGTH DATA ELEMENTS--GENERAL INFORMATION
fixed length control field 250729b |||||||| |||| 00| 0 eng d
020 ## - INTERNATIONAL STANDARD BOOK NUMBER
International Standard Book Number 978-1-305-08806-1
040 ## - CATALOGING SOURCE
Language of cataloging English
Transcribing agency URS
Description conventions rda
050 14 - LIBRARY OF CONGRESS CALL NUMBER
Classification number RC454
Item number .Un25 2016
245 ## - TITLE STATEMENT
Title Understanding abnormal behavior /
Statement of responsibility, etc David Sue...[and three others].
250 ## - EDITION STATEMENT
Edition statement Eleventh edition.
264 #1 - PUBLICATION, DISTRIBUTION, ETC. (IMPRINT)
Place of publication, distribution, etc Australia :
Name of publisher, distributor, etc Cengage Learning,
Date of publication, distribution, etc ©2016.
300 ## - PHYSICAL DESCRIPTION
Extent xxvii, 541 pages :
Other physical details color illustrations ;
Dimensions 27 cm.
336 ## - CONTENT TYPE
Source rdacontent
Content type term text
Content type code txt
337 ## - MEDIA TYPE
Source rdamedia
Media type term unmediated
Media type code n
338 ## - CARRIER TYPE
Source rdacarrier
Carrier type term volume
Carrier type code nc
524 ## - PREFERRED CITATION OF DESCRIBED MATERIALS NOTE
Preferred citation of described materials note Whitbourne S. (2020). Abnormal psychology: clinical perspectives on psychological disorders. New York, NY: Mc Graw Hill.
700 ## - ADDED ENTRY--PERSONAL NAME
Personal name Sue, David,
Relator term author.
9 (RLIN) 6301
700 ## - ADDED ENTRY--PERSONAL NAME
Personal name Sue, Derald Wing,
Relator term author.
9 (RLIN) 6302
700 ## - ADDED ENTRY--PERSONAL NAME
Personal name Sue, Diane,
Relator term author.
9 (RLIN) 6303
700 ## - ADDED ENTRY--PERSONAL NAME
Personal name Sue, Stanley,
Relator term author.
9 (RLIN) 6304
942 ## - ADDED ENTRY ELEMENTS (KOHA)
Source of classification or shelving scheme Library of Congress Classification
Koha item type Foreign Books
Holdings
Withdrawn status Lost status Source of classification or shelving scheme Damaged status Not for loan Collection code Home library Current library Shelving location Date acquired Source of acquisition Total Checkouts Full call number Barcode Date last seen Copy number Koha item type
    Library of Congress Classification     Non-fiction Taytay College Library Taytay College Library Foreign Section 07/11/2018 Purchased   RC454 .Un25 2016 URSTAY-3601 07/31/2025 1 Foreign Books

University of Rizal System
Email us at univlibservices@urs.edu.ph

Visit our Website www.urs.edu.ph/library